| 000 | 00000nam##2200000za#4500 |
| 001 | 9.683710 |
| 003 | CaOODSP |
| 005 | 20210615133729 |
| 007 | ta |
| 008 | 150407|2007||||xxc||||| f|0| 0 fre|d |
| 020 | |a978-0-662-73802-2 |
| 040 | |aCaOODSP|bfre |
| 043 | |an-cn--- |
| 086 | 1 |aM144-59/2007F |
| 110 | 1 |aCanada.|bRessources naturelles Canada. |bOffice de l'efficacité énergétique. |
| 245 | 10|aLes problèmes d'humidité : |bpourquoi devrais-je soucier des problèmes d'humidité? |
| 260 | |aOttawa - Ontario : |bRessources naturelles Canada. |c2007. |
| 300 | |a11p. : |bgraphique, ill., photographies ; |c28 cm. |
| 520 | 3 |aLes problèmes d'humidité dans les habitations au Canada sont nuisibles à notre santé ainsi qu'à la durabilité et à la valeur de revente de nos maisons. La présente fiche technique explique comment résoudre ces problèmes, améliorer l'efficacité énergétique et réduire les émissions de gaz à effet de serre qui contribuent aux changements climatiques. |
| 563 | |aCouverture souple |
| 590 | |a07-27|b2007-07-06 |
| 691 | 07|aQualité de l'air|2gcpds |
| 691 | 07|aRendement énergétique|2gcpds |
| 691 | 07|aRénovation domiciliaire|2gcpds |
| 775 | 08|tMoisture problems : |w(CaOODSP)9.650614 |
| 776 | 0#|tLes problèmes d'humidité |w(CaOODSP)9.633887 |